Music Quiz

Random Music or Song Quiz
Score 0/229 Timer 08:00
9 Plays Today
% Correct
Mrs.
99.3%
Mrs.
99.3%
Mrs.
99.3%
Mrs.
99.3%
Mrs.
99.3%
Mrs.
99.3%
Mrs.
99.3%
Robinson.
99.2%
Robinson.
99.2%
Robinson.
99.2%
Robinson.
99.2%
Robinson.
99.2%
Robinson.
99.2%
Robinson?
99.2%
you,
98.8%
you
98.8%
you
98.8%
you,
98.8%
you
98.8%
you
98.8%
you.
98.8%
you
98.8%
you
98.8%
you,
98.8%
you
98.8%
you
98.8%
you,
98.8%
you
98.8%
you
98.8%
you,
98.8%
you
98.8%
you
98.8%
you,
98.8%
you
98.8%
you
98.8%
to
96.3%
to
96.3%
to
96.3%
to
96.3%
to
96.3%
to
96.3%
to
96.3%
to
96.3%
to
96.3%
a
95.5%
a
95.5%
a
95.5%
a
95.5%
a
95.5%
a
95.5%
a
95.5%
a
95.5%
A
95.4%
here's
93.9%
here's
93.9%
know,
91.8%
know
91.8%
know,
91.8%
know,
91.8%
And
89.7%
and
89.7%
and
89.7%
than
89.3%
than
89.3%
than
89.3%
more
89.1%
more
89.1%
more
89.1%
loves
88.1%
loves
88.1%
loves
88.1%
Jesus
88%
Jesus
88%
Jesus
88%
whoa whoa whoa.
87.9%
whoa whoa whoa.
87.9%
whoa whoa whoa.
87.9%
% Correct
woo woo woo.
87.9%
will
85.2%
will
85.2%
will
85.2%
the
82.5%
for
80.5%
for
80.5%
for
80.5%
for
80.5%
hey hey hey.
80.3%
Hey hey hey.
80.3%
hey hey hey.
80.3%
Hey hey hey.
80.3%
hey hey hey.
80.3%
hey hey hey.
80.3%
Hey hey hey.
80.3%
Hey hey hey.
80.3%
who
77.9%
who
77.9%
who
77.9%
it,
76.8%
the
76.6%
the
76.6%
the
76.6%
it
74.9%
it
74.9%
it,
74.9%
it.
74.9%
it
74.9%
place
73.7%
place
73.7%
place
73.7%
place
73.7%
where
73.5%
Where
73.5%
Heaven
72.5%
Heaven
72.5%
Heaven
72.5%
those
71.6%
those
71.6%
those
71.6%
Joe
71%
Joe
71%
gone,
70.4%
gone
70.4%
please,
70.2%
please,
70.2%
please,
70.2%
holds
68.5%
holds
68.5%
holds
68.5%
pray,
68.2%
pray,
68.2%
pray,
68.2%
God
68.1%
God
68.1%
God
68.1%
have
67.7%
DiMaggio?
66.9%
bless
66.5%
bless
66.5%
bless
66.5%
your
64.4%
your
64.4%
has
64.1%
It's
63.7%
its
63.7%
in
63.6%
in
63.6%
on
63.6%
on
63.6%
no
61.9%
away,
61.6%
eyes.
60.8%
eyes
60.8%
that
59%
say,
57.9%
% Correct
left
57.5%
nation
56.4%
lonely
55.7%
little
54%
little
54%
about
53.9%
about
53.9%
about
53.9%
like
53%
like
53%
turns
52.8%
one
52.6%
ever
52.5%
are
52.5%
our
52%
What's
51.4%
All
50.6%
all,
50.6%
at
50.6%
at
50.6%
Look
49.4%
look
49.4%
see
49%
When
46.7%
bit
46.6%
Coo coo ca-choo,
46.4%
of
46.2%
We'd
46.1%
We'd
46.1%
from
46.1%
Joltin'
45.8%
just
45.8%
with
45.4%
help
44.3%
help
44.3%
got
44.3%
got
44.3%
goes.
43.8%
Put
43.4%
Hide
43.1%
hide
43.1%
yourself.
42.1%
secret;
41.8%
cupcakes.
41.1%
you've
41.1%
you've
41.1%
way
40.8%
files.
40.7%
around
40.6%
around
40.6%
learn
40.3%
Robinsons'
40%
hiding
39.5%
lose.
39.1%
pantry
38.5%
sympathetic
38.5%
afternoon.
37.3%
debate.
37.2%
kids.
37%
Sunday
36.8%
candidates'
36%
Laugh
34.4%
Most
33.9%
every
33.5%
Going
33%
affair.
33%
choose,
32.5%
shout
32.2%
Sitting
31.4%
home,
30.9%
feel
29.9%
until
29.4%
sofa
28%
Stroll
27%
grounds
26.6%
Remove Ads.
Support Sporcle.
Get the best of Sporcle when you Go Orange. This ad-free experience offers more features, more stats, and more fun while also helping to support Sporcle. Thank you for becoming a member.

You're not logged in!

Compare scores with friends on all Sporcle quizzes.
OR
Log In

Show Comments

Extras

Top Quizzes Today


Score Distribution

Your Account Isn't Verified!

In order to create a playlist on Sporcle, you need to verify the email address you used during registration. Go to your Sporcle Settings to finish the process.

Report this User

Report this user for behavior that violates our Community Guidelines.

Details: